000 00705nam a2200181Ia 4500
008 151202s9999||||xx |||||||||||||| ||und||
082 _bPNVM-75477
100 _aपीयुष झा/अनु-शेटे-संभु मीना
245 _aकंपास बॉक्स किलर
260 _bविश्व्कर्मा
260 _c2015
300 _a240
600 _aपीयुष झा/अनु-शेटे-संभु मीना
630 _aकंपास बॉक्स किलर
700 _aपीयुष झा/अनु-शेटे-संभु मीना
730 _aकंपास बॉक्स किलर
942 _cBOOK
999 _c1342136
_d1342133